| 000 | 00399pab a2200157 454500 | ||
|---|---|---|---|
| 008 | 180718b2008 xxu||||| |||| 00| 0 eng d | ||
| 100 | _aLohmann, Larry | ||
| 245 | _aCarbon trading, climate justice and the production of ignorance: ten examples | ||
| 260 | _c2008 | ||
| 300 | _ap.359-65. | ||
| 362 | _aSep | ||
| 650 | _aClimatic change | ||
| 773 | _aDevelopment | ||
| 908 | _aN | ||
| 909 | _a79834 | ||
| 999 |
_c79834 _d79834 |
||